000 00335nam a2200145Ia 4500
003 OSt
005 20240103051141.0
008 170523s9999 xx 000 0 und d
020 _a9788126531745
040 _cIIMTU
100 _aArrillaga- J.
245 0 _aPower System Quality Assessment
260 _aWiley India
942 _2ddc
_c03
999 _c12259
_d12259